00402nam a2200133 a 4500008004100000100002100041245006400062260005000126300002400176504004100200003000100241005001700242040000900259 1 aHoselitz, Bert F10aSociological aspects of economic growth/bBert F. Hoselitz. aIllinois :bThe free Press of Glencoe,c1960. avi,250 p. ;c21 cm. aIncludes bibliographical references.20230123133834.0 cNUST